Jak dál v obchodu s Finskem? Evropská unie se rozšíří o další členský stát

Zmeny dosiaľ platného obchodnopolitického režimu Fínska voči ČR po vstupe do Európskej únie od 1.1.1995. Postavenie Fínska v zahraničnom obchode ČR - zmluvné dokumenty. Dohoda o vzájomnom odstránení prekážok obchodu. Dohoda EZVO. Zmeny po vstupe Fínska do Európskej únie. Vývoz z ČR do Fínska. Dovoz...

Ausführliche Beschreibung

Gespeichert in:
Bibliographische Detailangaben
1. Verfasser: Verner, J.
Format: Buchkapitel
Sprache:Tschechisch
Schlagworte:
Tags: Tag hinzufügen
Keine Tags, Fügen Sie das erste Tag hinzu!

MARC

LEADER 00000naa a2200000 4500
001 r024147
005 20221213082805.5
041 0 |a cze 
044 |a CZ 
245 1 0 |a Jak dál v obchodu s Finskem?  |b Evropská unie se rozšíří o další členský stát  |c J. Verner 
520 |a Zmeny dosiaľ platného obchodnopolitického režimu Fínska voči ČR po vstupe do Európskej únie od 1.1.1995. Postavenie Fínska v zahraničnom obchode ČR - zmluvné dokumenty. Dohoda o vzájomnom odstránení prekážok obchodu. Dohoda EZVO. Zmeny po vstupe Fínska do Európskej únie. Vývoz z ČR do Fínska. Dovoz z Fínska. Perspektívy vzájomného obchodu. 
610 2 0 |a Fínsko 
610 2 0 |a Európska únia 
610 2 0 |a obchod zahraničný 
610 2 0 |a Česko 
610 2 0 |a politika zahraničnoobchodná 
610 2 0 |a vývoz 
610 2 0 |a dovoz 
610 2 0 |a styk zahraničnoobchodný 
610 2 0 |a EZVO 
610 2 0 |a dohody obchodné medzinárodné 
100 1 |a Verner, J.